000 00578nam a2200241Ia 4500
005 20260306145839.0
008 008 260114s9999 xx 000 0 eng d
020 _a9781501501470
037 _aEbook
040 _aCRL
040 _beng
040 _cCRL
041 _2eng
041 _aeng
084 _qCRL
245 0 _aHandbook of Japanese Sociolinguistics
260 _bDe Gruyter Mouton
260 _c2022
650 _aLinguistics and Semiotics
856 _uhttps://www.degruyter.com/isbn/9781501501470
942 _cEBOOK
999 _c1691586
_d1691586